Glosta (Record no. 87993)

MARC details
000 -LEADER
campo de control de longitud fija 00613nam a2200193 i 4500
001 - NÚMERO DE CONTROL
campo de control 87993
003 - IDENTIFICADOR DE NÚMERO DE CONTROL
campo de control ES-MaACL
005 - FECHA Y HORA DE LA ÚLTIMA TRANSACCIÓN
campo de control 20230906175800.0
007 - CAMPO FIJO DE DESCRIPCIÓN FÍSICA--INFORMACIÓN GENERAL
campo de control de longitud fija t|
008 - DATOS DE LONGITUD FIJA--INFORMACIÓN GENERAL
campo de control de longitud fija 041230s1956 sp ||||1| spa d
100 1# - ENTRADA PRINCIPAL--NOMBRE DE PERSONA
Nombre de persona Laffay, A.
9 (RLIN) 69478
245 10 - MENCIÓN DEL TÍTULO
Título Glosta
Resto del título : segundo método moderno de inglés /
Mención de responsabilidad, etc. A. Laffay, H. Kerst, Alvaro Zárate.
260 ## - PUBLICACIÓN, DISTRIBUCIÓN, ETC.
Lugar de publicación, distribución, etc. Madrid :
Nombre del editor, distribuidor, etc. Cultura Clásica y Moderna,
Fecha de publicación, distribución, etc. 1956 (
Fabricante Tip. Artística)
300 ## - DESCRIPCIÓN FÍSICA
Extensión XIX, 293 p. :
Otras características físicas il. ;
Dimensiones 19 cm.
650 04 - PUNTO DE ACCESO ADICIONAL DE MATERIA--TÉRMINO DE MATERIA
Término de materia o nombre geográfico como elemento de entrada Lengua inglesa-
Subdivisión de forma Métodos.
9 (RLIN) 14282
700 1# - ENTRADA AGREGADA--NOMBRE PERSONAL
Nombre de persona Kerst, H.
9 (RLIN) 67942
700 1# - ENTRADA AGREGADA--NOMBRE PERSONAL
Nombre de persona Zárate, Alvaro.
9 (RLIN) 118043
852 ## - LOCALIZACIÓN
Ubicación ES-MaACL
Número de control de estantería P-792
Holdings
Estatus retirado Estado de pérdida Estado de daño No para préstamo Biblioteca de origen Biblioteca actual Ubicación en estantería Fecha de adquisición Fuente de adquisición Total de préstamos Signatura topográfica completa Código de barras Visto por última vez Precio de reemplazo Tipo de ítem Koha
        Biblioteca del Ateneo de Madrid Biblioteca del Ateneo de Madrid Depósito 2 17/01/2008     P-792 1091918 23/02/2023 23/02/2023 Libro impreso